World Cities Chain Link #1 - Statistics

General Stats
  • This quiz has been taken 43 times
  • The average score is 12 of 30
Answer Stats
Hint Answer % Correct
Built fjord tough... Oslo
79%
Straddling the Bosporus... Istanbul
76%
Nigerian building blocks... Lagos
70%
Iran's 32nd capital... Tehran
64%
Straight A's in Mongolia... Ulaanbaatar
64%
Togo or not togo... Lomé
61%
High in Colombia... Medellin
61%
The girl from... Ipanema
58%
Home to Aston Villa... Birmingham
52%
Envelope please... Manila
48%
Spinning a web in N.C.... Charlotte
45%
Gentlemen, start your engines... Indianapolis
45%
From 'cool water' in Massai... Nairobi
45%
It's actually 'New'... Delhi
42%
Fair marking system for Serbia... Belgrade
39%
Short for South Western Townships... Soweto
39%
Maybe better than too tight... Toulouse
39%
Oranges for marmalade... Seville
36%
The true measure of... Amman
30%
Famous airport rescue site... Entebbe
30%
Paradise Valley in Chile... Valparaíso
27%
Convention city... Geneva
24%
Where 'Little Boy' blew... Hiroshima
24%
One-time Angora... Ankara
21%
Where Barbary pirates ruled... Rabat
21%
Mr. Van Rijn's hometown... Leiden
18%
CS&N were riding on the Express... Marrakech
18%
Setting for SETI in Puerto Rico... Arecibo
15%
Stuck in Cook Inlet... Anchorage
9%
A bunch of it is nonsense... Bologna
9%
No matching quizzes found
Score Distribution
Percent of People with Each Score
Percentile by Number Answered
Your Score History
You have not taken this quiz